Bàn về nhà nước và pháp luật

Sách được tuyển chọn trong bộ " Hồ Chí Minh toàn tập "

Gardado en:
Detalles Bibliográficos
Autor Principal: Hồ, Chí Minh
Formato: Libro
Idioma:Undetermined
Publicado: Hà Nội Chính trị Quốc gia 2000
Những chủ đề:
Các nhãn: Engadir etiqueta
Sen Etiquetas, Sexa o primeiro en etiquetar este rexistro!
Thư viện lưu trữ: Trung tâm Học liệu Trường Đại học Cần Thơ
LEADER 00681nam a2200205Ia 4500
001 CTU_39280
008 210402s9999 xx 000 0 und d
020 |c 90000 
082 |a 342.597 
082 |b M312 
100 |a Hồ, Chí Minh 
245 0 |a Bàn về nhà nước và pháp luật 
245 0 |c Hồ Chí Minh 
260 |a Hà Nội 
260 |b Chính trị Quốc gia 
260 |c 2000 
520 |a Sách được tuyển chọn trong bộ " Hồ Chí Minh toàn tập " 
650 |a Constitutions, state 
904 |i Nguyễn Quang Điền (Nguyên sửa) 
980 |a Trung tâm Học liệu Trường Đại học Cần Thơ